| 000 | 00551nam a2200229Ia 4500 | ||
|---|---|---|---|
| 003 | 0100 | ||
| 008 | 130303s9999 xx 000 0 und d | ||
| 020 | _a30066484 | ||
| 040 | _cARRUPELIB | ||
| 050 | _aHB171.5.W3935 1995 | ||
| 100 | _aWelch, Patrick J | ||
| 245 | _aEconomics, theory practice | ||
| 250 | _a5th. | ||
| 260 | _aFort Worth | ||
| 260 | _bDryden Press | ||
| 260 | _C1995 | ||
| 300 | _axxiv | ||
| 300 | _b 696p. 24cm | ||
| 650 | _bParenting -- Religious aspects -- Christianity | ||
| 700 | _aPatrick J Welch | ||
| 942 | 0 | 0 | _01 |
| 999 |
_c16702 _d16702 |
||